Biophysical and biochemical aspects of fluorescence spectroscopy

Saved in:
Bibliographic Details
Format: Book
Language:Undetermined
Subjects:
Tags: Add Tag
No Tags, Be the first to tag this record!
Institutions: Trung tâm Học liệu Trường Đại học Cần Thơ
LEADER 00395nam a2200133Ia 4500
001 CTU_67160
008 210402s9999 xx 000 0 und d
082 |a 543 
082 |b B615 
245 0 |a Biophysical and biochemical aspects of fluorescence spectroscopy 
245 0 |c Edited by Dewey 
650 |a chemistry, analytic 
904 |i Minh 
980 |a Trung tâm Học liệu Trường Đại học Cần Thơ